[Event "POL-chT 2nd League"]
[Site "Jastrzebia Gora"]
[Date "2023.09.03"]
[Round "2.7"]
[White "Grzesik, Gracjan"]
[Black "Romanishin, Oleg M"]
[Result "1/2-1/2"]
[WhiteElo "2149"]
[BlackElo "2385"]
[PlyCount "44"]
[EventDate "2023.09.02"]
[EventType "team-swiss"]
[EventRounds "9"]
[EventCountry "POL"]
[SourceTitle "EXT 2024"]
[Source "ChessBase"]
[SourceDate "2023.10.10"]
[SourceVersion "1"]
[SourceVersionDate "2023.10.10"]
[SourceQuality "1"]
[WhiteTeam "Koszalin Hetman Politechnika"]
[BlackTeam "Konin Hetman"]
[WhiteTeamCountry "POL"]
[BlackTeamCountry "POL"]

1. c4 e5 2. Nc3 Nf6 3. Nf3 Nc6 4. g3 d5 5. cxd5 Nxd5 6. Bg2 Nb6 7. 0-0 Be7 8. a3 Be6 9. b4 Nd4 10. Rb1 Nxf3+ 11. Bxf3 c6 12. d3 0-0 13. Qc2 f5 14. Bd2 Rc8 15. Rfd1 Qe8 16. Na4 Nxa4 17. Qxa4 a6 18. Rdc1 Qf7 19. Bg2 Bf6 20. Bc3 Rfe8 21. Qc2 Ba2 22. Ra1 Bd5 1/2-1/2

[Event "POL-chT 2nd League"]
[Site "Jastrzebia Gora"]
[Date "2023.09.02"]
[Round "1.13"]
[White "Romanishin, Oleg M"]
[Black "Maj, Pawel1111"]
[Result "1-0"]
[WhiteElo "2385"]
[BlackElo "2208"]
[PlyCount "61"]
[EventDate "2023.09.02"]
[EventType "team-swiss"]
[EventRounds "9"]
[EventCountry "POL"]
[SourceTitle "EXT 2024"]
[Source "ChessBase"]
[SourceDate "2023.10.10"]
[SourceVersion "1"]
[SourceVersionDate "2023.10.10"]
[SourceQuality "1"]
[WhiteTeam "Konin Hetman"]
[BlackTeam "Skoczek Trojanski"]
[WhiteTeamCountry "POL"]
[BlackTeamCountry "POL"]

1. Nf3 Nf6 2. g3 g6 3. Bg2 Bg7 4. c4 c6 5. d4 d5 6. cxd5 cxd5 7. Ne5 0-0 8. Nc3 b6 9. Bf4 Bb7 10. Rc1 e6 11. 0-0 Nh5 12. Be3 Nd7 13. f4 f5 14. Nb5 Ndf6 15. Nc7 Qd6 16. Nxa8 Rxa8 17. Qc2 Ne8 18. Qa4 Nhf6 19. Rc2 Nc7 20. Rfc1 Nfe8 21. Bd2 a5 22. e3 b5 23. Qa3 Bf8 24. Qxd6 Bxd6 25. Bf1 b4 26. Nd7 Kf7 27. Nc5 Bc8 28. a3 Na6 29. Bxa6 Bxa6 30. axb4 axb4 31. Ra1 1-0

[Event "Skalica op-A"]
[Site "Skalica"]
[Date "2023.08.26"]
[Round "8"]
[White "Romanishin, Oleg M"]
[Black "Kraus, Tomas"]
[Result "1/2-1/2"]
[WhiteElo "2377"]
[BlackElo "2480"]
[PlyCount "37"]
[EventDate "2023.08.19"]
[EventType "swiss"]
[EventRounds "9"]
[EventCountry "SVK"]
[SourceTitle "CBM 215 Extra"]
[Source "ChessBase"]
[SourceDate "2023.09.30"]
[SourceVersion "1"]
[SourceVersionDate "2023.09.30"]
[SourceQuality "1"]

1. Nf3 d5 2. g3 c5 3. Bg2 Nc6 4. d4 e6 5. 0-0 cxd4 6. Nxd4 Bc5 7. Nb3 Bb6 8. c4 Nge7 9. cxd5 exd5 10. Nc3 0-0 11. Na4 d4 12. Bg5 Re8 13. Re1 Bg4 14. Bxc6 bxc6 15. Nxb6 axb6 16. Qxd4 Qxd4 17. Nxd4 f6 18. Bc1 c5 19. Nc2 1/2-1/2

[Event "Warsaw Najdorf Memorial op-A"]
[Site "Warsaw"]
[Date "2023.07.19"]
[Round "9"]
[White "Cukrowski, Filip"]
[Black "Romanishin, Oleg M"]
[Result "1-0"]
[WhiteElo "2378"]
[BlackElo "2389"]
[PlyCount "77"]
[EventDate "2023.07.11"]
[EventType "swiss"]
[EventRounds "9"]
[EventCountry "POL"]
[SourceTitle "EXT 2024"]
[Source "ChessBase"]
[SourceDate "2023.10.10"]
[SourceVersion "1"]
[SourceVersionDate "2023.10.10"]
[SourceQuality "1"]

1. d4 Nf6 2. c4 e6 3. Nf3 Bb4+ 4. Nbd2 b6 5. g3 Ba6 6. Qc2 Bb7 7. Bg2 Be4 8. Qd1 0-0 9. 0-0 Bxd2 10. Qxd2 d6 11. Qf4 Nbd7 12. Rd1 Qe7 13. Qh4 Rfe8 14. g4 Bc2 15. Rf1 Bg6 16. Nd2 e5 17. g5 Nh5 18. dxe5 dxe5 19. Bxa8 Rxa8 20. Ne4 Nf8 21. Ng3 Nxg3 22. hxg3 Ne6 23. Be3 c5 24. Rad1 Re8 25. f4 exf4 26. gxf4 Nxg5 27. Bf2 Ne6 28. Qxe7 Rxe7 29. Bh4 f6 30. f5 Bxf5 31. Rxf5 Nd4 32. Rxd4 cxd4 33. Kf1 Kf7 34. Bf2 Ke6 35. Rd5 g5 36. Bxd4 h5 37. e4 Kf7 38. e5 fxe5 39. Rxe5 1-0

[Event "Warsaw Najdorf Memorial op-A"]
[Site "Warsaw"]
[Date "2023.07.18"]
[Round "8"]
[White "Romanishin, Oleg M"]
[Black "Jakubowski, Krzysztof"]
[Result "1/2-1/2"]
[WhiteElo "2389"]
[BlackElo "2486"]
[PlyCount "65"]
[EventDate "2023.07.11"]
[EventType "swiss"]
[EventRounds "9"]
[EventCountry "POL"]
[SourceTitle "EXT 2024"]
[Source "ChessBase"]
[SourceDate "2023.10.10"]
[SourceVersion "1"]
[SourceVersionDate "2023.10.10"]
[SourceQuality "1"]

1. Nf3 d5 2. g3 Nc6 3. d4 Bf5 4. Bg2 Nb4 5. Na3 e6 6. 0-0 Nf6 7. Bf4 Bd6 8. Be5 0-0 9. c4 a5 10. Bxf6 Qxf6 11. c5 Be7 12. Nb5 c6 13. Nc3 h5 14. a3 Na6 15. h4 Bd8 16. b4 Nb8 17. Ne5 Bc7 18. f4 Rd8 19. b5 Bxe5 20. fxe5 Qg6 21. Qe1 f6 22. exf6 Qxf6 23. Rd1 Qg6 24. e4 Bg4 25. Rd2 Nd7 26. Rdf2 Rab8 27. b6 Nf6 28. e5 Nh7 29. Qd2 Rf8 30. Kh2 Rxf2 31. Rxf2 Rf8 32. Rxf8+ Nxf8 33. Kg1 1/2-1/2

[Event "Warsaw Najdorf Memorial op-A"]
[Site "Warsaw"]
[Date "2023.07.17"]
[Round "7"]
[White "Taranowicz, Michal"]
[Black "Romanishin, Oleg M"]
[Result "0-1"]
[WhiteElo "2005"]
[BlackElo "2389"]
[PlyCount "54"]
[EventDate "2023.07.11"]
[EventType "swiss"]
[EventRounds "9"]
[EventCountry "POL"]
[SourceTitle "EXT 2024"]
[Source "ChessBase"]
[SourceDate "2023.10.10"]
[SourceVersion "1"]
[SourceVersionDate "2023.10.10"]
[SourceQuality "1"]

1. e4 e5 2. Nc3 Bc5 3. f4 d6 4. Nf3 Nc6 5. Bc4 Bg4 6. h3 Bxf3 7. Qxf3 Nd4 8. Qg3 exf4 9. Qxg7 Qf6 10. Qxf6 Nxf6 11. Kd1 Rg8 12. d3 Rxg2 13. Bxf4 Nh5 14. Nd5 Nxf4 15. Nxf4 Rxc2 16. Rf1 Rxb2 17. Nd5 0-0-0 18. Rxf7 c6 19. Ne7+ Kb8 20. a4 d5 21. exd5 cxd5 22. Nxd5 Rg8 23. Ne3 Rg1+ 24. Rf1 Rxf1+ 25. Nxf1 Rf2 26. Ne3 Rf3 27. Kd2 Bb4+ 0-1

[Event "Warsaw Najdorf Memorial op-A"]
[Site "Warsaw"]
[Date "2023.07.14"]
[Round "4"]
[White "Romanishin, Oleg M"]
[Black "Zdybel, Przemyslaw"]
[Result "1/2-1/2"]
[WhiteElo "2389"]
[BlackElo "2188"]
[PlyCount "63"]
[EventDate "2023.07.11"]
[EventType "swiss"]
[EventRounds "9"]
[EventCountry "POL"]
[SourceTitle "EXT 2024"]
[Source "ChessBase"]
[SourceDate "2023.10.10"]
[SourceVersion "1"]
[SourceVersionDate "2023.10.10"]
[SourceQuality "1"]

1. Nf3 Nf6 2. g3 e6 3. Bg2 d5 4. 0-0 Be7 5. d4 Nbd7 6. c4 dxc4 7. Nbd2 Nb6 8. Nxc4 Nxc4 9. Qa4+ Bd7 10. Qxc4 Bc6 11. Rd1 0-0 12. Bg5 Bd5 13. Qc2 Be4 14. Qa4 Qd5 15. Bxf6 Bxf6 16. Rac1 c6 17. Rc5 Qd6 18. Ne5 Bxg2 19. Kxg2 Bxe5 20. Rxe5 Rfd8 21. Qb3 b6 22. Re4 c5 23. Qf3 Qd5 24. b3 Rac8 25. e3 c4 26. Re5 Qxf3+ 27. Kxf3 cxb3 28. axb3 Rc3 29. Rb5 Kf8 30. Ra1 Rd7 31. Rb4 Ke7 32. Ke4 1/2-1/2

[Event "Warsaw Najdorf Memorial op-A"]
[Site "Warsaw"]
[Date "2023.07.13"]
[Round "3"]
[White "Janeczko, Jakub"]
[Black "Romanishin, Oleg M"]
[Result "1/2-1/2"]
[WhiteElo "2085"]
[BlackElo "2389"]
[PlyCount "59"]
[EventDate "2023.07.11"]
[EventType "swiss"]
[EventRounds "9"]
[EventCountry "POL"]
[SourceTitle "EXT 2024"]
[Source "ChessBase"]
[SourceDate "2023.10.10"]
[SourceVersion "1"]
[SourceVersionDate "2023.10.10"]
[SourceQuality "1"]

1. e4 c5 2. d3 e6 3. g3 d5 4. Nd2 Nf6 5. Bg2 dxe4 6. dxe4 Nc6 7. Ngf3 e5 8. 0-0 Be6 9. Ng5 Bg4 10. f3 Bc8 11. Nc4 Qxd1 12. Rxd1 h6 13. Nh3 Be6 14. Ne3 c4 15. Nf2 Bc5 16. c3 0-0 17. Bh3 Bxh3 18. Nxh3 Rfd8 19. Kf1 b5 20. Nf2 Nd7 21. Nd5 Nb6 22. Nxb6 axb6 23. Bd2 Ra7 24. Be1 Rxd1 25. Nxd1 b4 26. cxb4 Bxb4 27. Bxb4 Nxb4 28. Rc1 b5 29. a3 Nc6 30. Nc3 1/2-1/2

[Event "Warsaw Najdorf Memorial op-A"]
[Site "Warsaw"]
[Date "2023.07.12"]
[Round "2"]
[White "Romanishin, Oleg M"]
[Black "Markowski, Damian"]
[Result "1-0"]
[WhiteElo "2389"]
[BlackElo "2104"]
[PlyCount "73"]
[EventDate "2023.07.11"]
[EventType "swiss"]
[EventRounds "9"]
[EventCountry "POL"]
[SourceTitle "EXT 2024"]
[Source "ChessBase"]
[SourceDate "2023.10.10"]
[SourceVersion "1"]
[SourceVersionDate "2023.10.10"]
[SourceQuality "1"]

1. Nf3 Nf6 2. g3 g6 3. Bg2 Bg7 4. 0-0 c5 5. d4 cxd4 6. Nxd4 0-0 7. c4 Nc6 8. Nc3 Qa5 9. Nb3 Qh5 10. Nd5 d6 11. Nf4 Qe5 12. e4 Bg4 13. f3 Be6 14. Nd5 Rfc8 15. Rf2 Bd7 16. Bf4 Qe6 17. Rc1 b6 18. Be3 Rab8 19. Rd2 Ne8 20. Bf2 h5 21. f4 Qg4 22. Bf3 Qh3 23. f5 e5 24. Ne3 gxf5 25. Bg2 f4 26. Bxh3 Bxh3 27. Nd5 Bg4 28. Qf1 Bh6 29. gxf4 exf4 30. h3 Be6 31. Nd4 Kh7 32. Nxc6 Rxc6 33. Bd4 Rbc8 34. b3 f3 35. Qxf3 Bxd2 36. Qxh5+ Bh6 37. Be3 1-0

[Event "Colonia de Sant Jordi 2nd"]
[Site "Colonia de Sant Jordi"]
[Date "2023.06.17"]
[Round "9"]
[White "Romanishin, Oleg M"]
[Black "Soderstrom, Adrian"]
[Result "1-0"]
[WhiteElo "2397"]
[BlackElo "2356"]
[PlyCount "117"]
[EventDate "2023.06.09"]
[EventType "tourn"]
[EventRounds "9"]
[EventCountry "ESP"]
[EventCategory "7"]
[SourceTitle "CBM 214 Extra"]
[Source "ChessBase"]
[SourceDate "2023.07.31"]
[SourceVersion "1"]
[SourceVersionDate "2023.07.31"]
[SourceQuality "1"]

1. Nf3 d5 2. g3 g6 3. Bg2 Bg7 4. d4 Nf6 5. 0-0 0-0 6. c4 c6 7. cxd5 cxd5 8. Ne5 Bf5 9. Nc3 Ne4 10. Nxe4 Bxe4 11. Bh3 Nc6 12. Nd7 Re8 13. Be3 e6 14. Nc5 b6 15. Na4 Bf5 16. Bxf5 gxf5 17. Qd2 Na5 18. b3 Nb7 19. Bh6 Nd6 20. Bxg7 Kxg7 21. Rac1 Qd7 22. Nb2 Rec8 23. Qg5+ Kf8 24. Nd3 Qe7 25. Qh6+ Kg8 26. Ne5 f6 27. Nd3 Rxc1 28. Rxc1 Rc8 29. Rxc8+ Nxc8 30. Qe3 Kf7 31. Nf4 Qd7 32. Nh5 Kg6 33. Nf4+ Kf7 34. h3 Nd6 35. Nd3 Kg7 36. f3 Qc8 37. Kg2 Nf7 38. Nf4 Nd8 39. g4 fxg4 40. hxg4 Qc2 41. Kf2 Kf7 42. a4 Qc7 43. Kg2 Qc2 44. Kf1 Qb1+ 45. Kf2 Qc2 46. Nh5 Qc7 47. Ng3 Qc2 48. Qf4 Qxb3 49. Qc7+ Ke8 50. Nh5 Nf7 51. Ng7+ Kf8 52. Nxe6+ Ke8 53. Qc8+ Ke7 54. Ng7 Nh6 55. Qc7+ Kf8 56. Ne6+ Ke8 57. Qd8+ Kf7 58. Qd7+ Kg6 59. Qg7# 1-0

[Event "Colonia de Sant Jordi 2nd"]
[Site "Colonia de Sant Jordi"]
[Date "2023.06.12"]
[Round "4"]
[White "Macias Pino, Diego"]
[Black "Romanishin, Oleg M"]
[Result "1/2-1/2"]
[WhiteElo "2408"]
[BlackElo "2397"]
[PlyCount "73"]
[EventDate "2023.06.09"]
[EventType "tourn"]
[EventRounds "9"]
[EventCountry "ESP"]
[EventCategory "7"]
[SourceTitle "CBM 214 Extra"]
[Source "ChessBase"]
[SourceDate "2023.07.31"]
[SourceVersion "1"]
[SourceVersionDate "2023.07.31"]
[SourceQuality "1"]

1. e4 e5 2. Nf3 Nc6 3. Bc4 Nf6 4. Ng5 d5 5. exd5 Na5 6. Bb5+ Bd7 7. Qe2 Be7 8. Nf3 0-0 9. Bxd7 Qxd7 10. Nxe5 Qxd5 11. 0-0 Bd6 12. Nf3 Rfe8 13. Qd1 c5 14. d3 Nc6 15. Nc3 Qf5 16. Bg5 Rad8 17. Ne4 Be7 18. Ng3 Qd5 19. b3 h6 20. Bf4 b5 21. Nd2 Qd7 22. Be3 Nd5 23. Nh5 Nc3 24. Qe1 Qg4 25. Nf3 Nd4 26. Bxd4 cxd4 27. Ng3 Bd6 28. h3 Qg6 29. Ne4 f5 30. Nh4 Qf7 31. Nxf5 Bb8 32. Nfg3 h5 33. Qc1 Bxg3 34. fxg3 Ne2+ 35. Kh2 Nxc1 36. Rxf7 Kxf7 37. Rxc1 1/2-1/2

[Event "Colonia de Sant Jordi 2nd"]
[Site "Colonia de Sant Jordi"]
[Date "2023.06.11"]
[Round "3"]
[White "Shivakumar, Shawnak"]
[Black "Romanishin, Oleg M"]
[Result "1/2-1/2"]
[WhiteElo "2431"]
[BlackElo "2397"]
[PlyCount "89"]
[EventDate "2023.06.09"]
[EventType "tourn"]
[EventRounds "9"]
[EventCountry "ESP"]
[EventCategory "7"]
[SourceTitle "CBM 214 Extra"]
[Source "ChessBase"]
[SourceDate "2023.07.31"]
[SourceVersion "1"]
[SourceVersionDate "2023.07.31"]
[SourceQuality "1"]

1. c4 Nf6 2. Nc3 e5 3. Nf3 Nc6 4. e3 Bb4 5. Qc2 Bxc3 6. Qxc3 Qe7 7. a3 a5 8. b3 d6 9. Bb2 0-0 10. d3 Nd7 11. Be2 f5 12. 0-0 e4 13. Nd2 Nf6 14. b4 Ne5 15. Rae1 Bd7 16. d4 axb4 17. axb4 Ng6 18. f4 d5 19. Ra1 Be6 20. c5 c6 21. Ra3 Qc7 22. Rfa1 Rxa3 23. Rxa3 Ne7 24. Nb3 h6 25. Bc1 g5 26. g3 gxf4 27. exf4 h5 28. b5 cxb5 29. Qa5 Qc8 30. Qxb5 Nc6 31. Qa4 Bd7 32. Bb5 Qc7 33. Nd2 h4 34. Nf1 hxg3 35. Rxg3+ Kf7 36. Qd1 Qa5 37. Be2 Qa1 38. Bh5+ Ke6 39. Be3 Qxd1 40. Bxd1 Ra8 41. Rg5 Ne7 42. Be2 Ra2 43. Ng3 Ra3 44. Kf2 Ra2 45. Kg1 1/2-1/2